[Event "76539 IV. Rakosmente Open"]
[Site "Budapest, Hungary"]
[Date "2013.02.10"]
[Round "5.17"]
[White "Ongut, Tamas Gunes"]
[Black "Toth, Viktor"]
[Result "1-0"]
[WhiteElo "1410"]
[BlackElo "1436"]
[PlyCount "49"]
[EventDate "2013.??.??"]

1. c4 e5 2. Nc3 c6 3. d4 Qc7 4. dxe5 Qxe5 5. Nf3 Qc7 6. g3 Nf6 7. Bf4 Qd8 8.
Bg2 Be7 9. O-O O-O 10. Qd3 d6 11. Rad1 Be6 12. Ng5 Qd7 13. b3 Rd8 14. Nce4 Bf5
15. Qe3 h6 16. Nxf6+ gxf6 17. Nf3 Qe6 18. Bxh6 Qxe3 19. Bxe3 Na6 20. Nd4 Be6
21. f4 d5 22. f5 Bc8 23. cxd5 cxd5 24. Nc2 Nc7 25. Rd4 1-0

[Event "76539 IV. Rakosmente Open"]
[Site "Budapest, Hungary"]
[Date "2013.02.10"]
[Round "5.18"]
[White "Toth, Nikoletta"]
[Black "Forgacs, Andras"]
[Result "0-1"]
[WhiteElo "1132"]
[BlackElo "1451"]
[PlyCount "66"]
[EventDate "2013.??.??"]

1. e4 c6 2. d4 d5 3. e5 Bf5 4. Nc3 e6 5. Bf4 c5 6. Bb5+ Nc6 7. Nf3 a6 8. Bd3
Bxd3 9. Qxd3 c4 10. Qd2 Bb4 11. a3 Ba5 12. b4 cxb3 13. cxb3 f5 14. Bg5 Nge7 15.
b4 Bb6 16. O-O O-O 17. Qf4 Qe8 18. Qg3 Nxd4 19. Bxe7 Qxe7 20. Ng5 f4 21. Qh4 h6
22. Qg4 Qxg5 23. Qh3 f3 24. g3 Ne2+ 25. Nxe2 fxe2 26. Rfe1 Bxf2+ 27. Kh1 Bxe1
28. Rxe1 Rf1+ 29. Rxf1 exf1=Q+ 30. Qxf1 Rf8 31. Qg2 Qc1+ 32. Qg1 Rf1 33. Qxf1
Qxf1# 0-1

[Event "76539 IV. Rakosmente Open"]
[Site "Budapest, Hungary"]
[Date "2013.02.10"]
[Round "5.19"]
[White "Palczert, Botond"]
[Black "Viola, Gellert"]
[Result "1-0"]
[WhiteElo "1275"]
[BlackElo "1285"]
[PlyCount "55"]
[EventDate "2013.??.??"]

1. e4 c5 2. Nf3 d6 3. d4 cxd4 4. Nxd4 Nf6 5. Nc3 g6 6. Be3 Bg7 7. f3 O-O 8. Qd2
Nc6 9. h4 h5 10. Nxc6 bxc6 11. Bh6 Bxh6 12. Qxh6 Bd7 13. Be2 Qb6 14. O-O-O Rab8
15. Na4 Qb4 16. b3 c5 17. Nb2 Qa3 18. Kb1 Rfc8 19. g4 a5 20. gxh5 Nxh5 21. Rdg1
Rf8 22. Qxh5 a4 23. Bc4 e6 24. Qh6 axb3 25. axb3 Rfe8 26. h5 Rxb3 27. Bxb3 e5
28. Rxg6# 1-0

[Event "76539 IV. Rakosmente Open"]
[Site "Budapest, Hungary"]
[Date "2013.02.10"]
[Round "6.1"]
[White "Suranyi, Pal"]
[Black "Uzonyi, David"]
[Result "0-1"]
[WhiteElo "2147"]
[BlackElo "2060"]
[PlyCount "66"]
[EventDate "2013.??.??"]

1. d4 d5 2. c4 c6 3. Nf3 Nf6 4. g3 e6 5. Bg2 Nbd7 6. O-O Bd6 7. Nc3 O-O 8. Qc2
dxc4 9. a4 h6 10. e4 e5 11. d5 Qc7 12. dxc6 Qxc6 13. Nb5 Be7 14. Nh4 Nc5 15.
Nf5 Bd8 16. Rd1 Nd3 17. Be3 Ng4 18. Bxa7 Kh8 19. h3 Nf6 20. Be3 Be6 21. Nc3 Bb6
22. Qd2 Bxe3 23. Qxe3 Rfd8 24. Rd2 Qc8 25. Kh2 Rd7 26. Ra3 Ra6 27. Bf1 Bxf5 28.
exf5 Rad6 29. Nb5 Rd5 30. Rc3 e4 31. b3 Ne5 32. Rxd5 Nfg4+ 33. hxg4 Nxg4+ 0-1

[Event "76539 IV. Rakosmente Open"]
[Site "Budapest, Hungary"]
[Date "2013.02.10"]
[Round "6.2"]
[White "Kovacs, Marton"]
[Black "Mihok, Laszlo"]
[Result "1/2-1/2"]
[WhiteElo "2149"]
[BlackElo "2168"]
[PlyCount "78"]
[EventDate "2013.??.??"]

1. d4 d5 2. Nf3 Nf6 3. c4 c6 4. Nc3 dxc4 5. a4 Bf5 6. e3 e6 7. Bxc4 Bb4 8. O-O
O-O 9. Ne2 Nbd7 10. Bd2 Bxd2 11. Nxd2 e5 12. Ng3 Bg6 13. Nf3 exd4 14. Nxd4 Nb6
15. Be2 c5 16. Ndf5 Bxf5 17. Nxf5 g6 18. Ng3 Qc7 19. Qc2 Nbd5 20. Bf3 Rac8 21.
Rfd1 Qe5 22. Bxd5 Nxd5 23. Qe4 Qxe4 24. Nxe4 Nb6 25. a5 Nc4 26. b3 Ne5 27. Rd5
Nc6 28. Rxc5 Nb4 29. Rd1 Rcd8 30. Rxd8 Rxd8 31. g4 Na6 32. Rb5 Rb8 33. Rd5 b6
34. g5 Nc5 35. Nxc5 bxc5 36. Rxc5 Rxb3 37. Kg2 Kg7 38. Kg3 Rb7 39. h4 h6
1/2-1/2

[Event "76539 IV. Rakosmente Open"]
[Site "Budapest, Hungary"]
[Date "2013.02.10"]
[Round "6.3"]
[White "Bohati, Tamas"]
[Black "Matuska, Miklos"]
[Result "1/2-1/2"]
[WhiteElo "2069"]
[BlackElo "2149"]
[PlyCount "36"]
[EventDate "2013.??.??"]

1. d4 Nf6 2. c4 e6 3. Nf3 b6 4. g3 Bb7 5. Bg2 Be7 6. O-O O-O 7. Nc3 Ne4 8. Qc2
Nxc3 9. Qxc3 d6 10. Re1 Be4 11. Qe3 d5 12. Bd2 c5 13. Bc3 Nc6 14. Red1 Qc7 15.
cxd5 Bxd5 16. dxc5 bxc5 17. Ne5 Bxg2 18. Kxg2 Nxe5 1/2-1/2

[Event "76539 IV. Rakosmente Open"]
[Site "Budapest, Hungary"]
[Date "2013.02.10"]
[Round "6.5"]
[White "Orosz, Andras"]
[Black "Gazsovics, Bela"]
[Result "1-0"]
[WhiteElo "2081"]
[BlackElo "1715"]
[PlyCount "29"]
[EventDate "2013.??.??"]

1. e4 c5 2. Nf3 Nc6 3. Nc3 d6 4. d4 cxd4 5. Nxd4 e6 6. Be2 Be7 7. O-O Nf6 8.
Kh1 Nxd4 9. Qxd4 Qb6 10. Qxb6 axb6 11. Be3 Bd8 12. Rfd1 Ke7 13. f3 Bd7 14. Bf4
Bc6 15. Bxd6+ 1-0

[Event "76539 IV. Rakosmente Open"]
[Site "Budapest, Hungary"]
[Date "2013.02.10"]
[Round "6.6"]
[White "Andriska, Zsolt"]
[Black "Papp, Laszlo"]
[Result "1-0"]
[WhiteElo "2021"]
[BlackElo "1787"]
[PlyCount "35"]
[EventDate "2013.??.??"]

1. e4 c5 2. f4 d5 3. e5 e6 4. Nf3 Nc6 5. c3 c4 6. b3 b5 7. a4 Ba6 8. Na3 b4 9.
cxb4 Nxb4 10. bxc4 dxc4 11. Nb5 Bxb5 12. axb5 Qd5 13. Be2 Bc5 14. Ba3 a5 15.
bxa6 Rxa6 16. Bxb4 Rxa1 17. Qxa1 Bxb4 18. Qa4+ 1-0

[Event "76539 IV. Rakosmente Open"]
[Site "Budapest, Hungary"]
[Date "2013.02.10"]
[Round "6.7"]
[White "Safar, Istvan"]
[Black "Bartuszek, Andras"]
[Result "1/2-1/2"]
[WhiteElo "1723"]
[BlackElo "1881"]
[PlyCount "120"]
[EventDate "2013.??.??"]

1. d4 Nf6 2. Nf3 g6 3. g3 b5 4. Bg2 Bb7 5. O-O Bg7 6. Bg5 O-O 7. Nbd2 d5 8. Nb3
Nbd7 9. Na5 Rb8 10. Nxb7 Rxb7 11. c3 Ne4 12. Bf4 c5 13. dxc5 Ndxc5 14. Be3 Rd7
15. Bxc5 Nxc5 16. Nd4 a6 17. e3 e5 18. Ne2 e4 19. Qc2 Qb6 20. Rad1 Rfd8 21. Rd2
a5 22. Rfd1 g5 23. Nd4 Bxd4 24. cxd4 Nd3 25. Bf1 Rc7 26. Qb1 Nb4 27. a3 Nc6 28.
Rc2 Rdc8 29. Rdc1 b4 30. Rc5 Ne7 31. Rxc7 Rxc7 32. Rxc7 Qxc7 33. axb4 axb4 34.
b3 f5 35. Qa2 f4 36. Qa4 fxe3 37. fxe3 Qd6 38. g4 Kf7 39. Qb5 h6 40. Qe2 Ng6
41. Qb5 Nh4 42. Be2 Kf6 43. Qe8 Ng6 44. Qb5 Nf8 45. Qe8 Kg7 46. Qb5 Nd7 47. Qb7
Kg6 48. Qc8 Nf6 49. Qb7 Qe6 50. h3 Qd6 51. Kg2 Ne8 52. Bb5 Nc7 53. Be2 Kf6 54.
Qc8 Ne6 55. Qh8+ Kg6 56. Qg8+ Ng7 57. Qa8 Qd7 58. Qa6+ Kh7 59. Qb5 Qxb5 60.
Bxb5 Ne6 1/2-1/2

[Event "76539 IV. Rakosmente Open"]
[Site "Budapest, Hungary"]
[Date "2013.02.10"]
[Round "6.8"]
[White "Diller, Denis"]
[Black "Karacsonyi, Gellert"]
[Result "1-0"]
[WhiteElo "1558"]
[BlackElo "1582"]
[PlyCount "73"]
[EventDate "2013.??.??"]

1. d4 f5 2. c4 Nf6 3. Nf3 g6 4. e3 Bg7 5. Nc3 O-O 6. Qb3 d6 7. Be2 Qe8 8. O-O
Kh8 9. Nb5 Na6 10. Bd2 c6 11. Nc3 Be6 12. Qxb7 Qc8 13. Qxc8 Bxc8 14. Rab1 h6
15. Ne1 e5 16. Nc2 c5 17. d5 Nd7 18. Nb5 Rf6 19. Bc3 g5 20. f4 gxf4 21. exf4
Rg6 22. Bh5 Rf6 23. fxe5 dxe5 24. Ne3 f4 25. Nd1 Bb7 26. Bf3 Rg6 27. Be4 Rf6
28. Nf2 h5 29. Nd3 Rh6 30. Bf5 Nb6 31. b3 Rf8 32. Be6 Rd8 33. Nxe5 Bxe5 34.
Bxe5+ Kh7 35. Bxf4 Rf6 36. Be5 Rh6 37. Rf7+ 1-0

[Event "76539 IV. Rakosmente Open"]
[Site "Budapest, Hungary"]
[Date "2013.02.10"]
[Round "6.9"]
[White "Kaloczi, Kristof"]
[Black "Czumbel, Peter"]
[Result "1/2-1/2"]
[WhiteElo "1535"]
[BlackElo "1511"]
[PlyCount "64"]
[EventDate "2013.??.??"]

1. e4 Nf6 2. e5 Nd5 3. d4 d6 4. c4 Nb6 5. exd6 cxd6 6. Nf3 Nc6 7. Nc3 g6 8. Be2
Bg7 9. Be3 O-O 10. Rc1 e6 11. b3 Bd7 12. O-O d5 13. c5 Nc8 14. Qd2 N8e7 15. Bh6
Nf5 16. Bxg7 Kxg7 17. Rfd1 Qf6 18. Bb5 a6 19. Bxc6 Bxc6 20. Ne5 Qh4 21. Nxc6
bxc6 22. Na4 Qg4 23. f3 Qh4 24. Nb6 Ra7 25. Rc2 Ne7 26. Qe2 Qg5 27. Re1 Nc8 28.
Na4 Qf4 29. Qe5+ Qxe5 30. Rxe5 Rb7 31. Re1 Rb4 32. Rd1 Rb7 1/2-1/2

[Event "76539 IV. Rakosmente Open"]
[Site "Budapest, Hungary"]
[Date "2013.02.10"]
[Round "6.10"]
[White "Lakatos, Tamas"]
[Black "Ongut, Selcuk"]
[Result "1-0"]
[WhiteElo "1371"]
[BlackElo "1626"]
[PlyCount "29"]
[EventDate "2013.??.??"]

1. e4 e6 2. d4 d5 3. Nc3 Bb4 4. a3 Bxc3+ 5. bxc3 dxe4 6. Qg4 g6 7. Qxe4 Nf6 8.
Qh4 h6 9. Nf3 Bd7 10. Bg5 Rf8 11. Bxf6 Qc8 12. Qxh6 Rg8 13. Qh7 Kf8 14. Ne5 Be8
15. Qh6+ 1-0

[Event "76539 IV. Rakosmente Open"]
[Site "Budapest, Hungary"]
[Date "2013.02.10"]
[Round "6.11"]
[White "Kidd, Balint"]
[Black "Palczert, Miklos Dr"]
[Result "0-1"]
[WhiteElo "1405"]
[BlackElo "1823"]
[PlyCount "54"]
[EventDate "2013.??.??"]

1. e4 e5 2. f4 Bc5 3. Nf3 Nf6 4. Nc3 d6 5. d3 Nc6 6. f5 Ng4 7. Qe2 Bf2+ 8. Kd1
Bb6 9. Ke1 h5 10. h3 Nh6 11. Be3 Nd4 12. Bxd4 exd4 13. Nd5 Ba5+ 14. b4 c6 15.
Nxd4 cxd5 16. exd5+ Kd7 17. bxa5 Re8 18. Ne6 Qxa5+ 19. Kd1 Nxf5 20. Qf2 fxe6
21. dxe6+ Rxe6 22. g4 Ne3+ 23. Kc1 Qc3 24. Rb1 Nxc2 25. Qf7+ Re7 26. Qf5+ Kc7
27. Qf3 Ne3# 0-1

[Event "76539 IV. Rakosmente Open"]
[Site "Budapest, Hungary"]
[Date "2013.02.10"]
[Round "6.12"]
[White "Szabo, Mihaly"]
[Black "Makrai, Bence"]
[Result "0-1"]
[WhiteElo "1532"]
[BlackElo "1508"]
[PlyCount "48"]
[EventDate "2013.??.??"]

1. Nf3 c5 2. d4 cxd4 3. Nxd4 e5 4. Nf3 Nc6 5. e4 Nf6 6. Nbd2 d5 7. exd5 Nxd5 8.
h3 Be7 9. c3 O-O 10. Bd3 Nf4 11. Be2 Nd3+ 12. Bxd3 Qxd3 13. Qe2 Bf5 14. Qxd3
Bxd3 15. Nb3 Rad8 16. Be3 f5 17. Nc5 Bxc5 18. Bxc5 Rfe8 19. Rd1 f4 20. Rd2 b6
21. Ba3 e4 22. Nh4 Ne5 23. Nf5 e3 24. fxe3 Bxf5 0-1

[Event "76539 IV. Rakosmente Open"]
[Site "Budapest, Hungary"]
[Date "2013.02.10"]
[Round "6.13"]
[White "Muranyi, Geza"]
[Black "Ongut, Tamas Gunes"]
[Result "1/2-1/2"]
[WhiteElo "1714"]
[BlackElo "1410"]
[PlyCount "104"]
[EventDate "2013.??.??"]

1. e4 c5 2. Nf3 Nc6 3. c3 Nf6 4. e5 Nd5 5. Bc4 Nb6 6. Qb3 Nxc4 7. Qxc4 e6 8.
O-O d5 9. exd6 Bxd6 10. d4 cxd4 11. Nxd4 Nxd4 12. Qxd4 O-O 13. Rd1 Be7 14. Qg4
e5 15. Qe2 Qc7 16. Nd2 f6 17. Nc4 Be6 18. Ne3 Rad8 19. Bd2 Rd7 20. b3 Rfd8 21.
Nf1 Ba3 22. c4 Bc5 23. Be3 Bxe3 24. Nxe3 b6 25. Rxd7 Rxd7 26. Rd1 Rxd1+ 27.
Qxd1 Qd7 28. Kf1 Qxd1+ 29. Nxd1 Kf7 30. Ke2 Ke7 31. Nc3 a6 32. Na4 b5 33. cxb5
axb5 34. Nc3 Bd7 35. a4 bxa4 36. bxa4 Kd6 37. h4 Kc5 38. h5 Bg4+ 39. Kd3 Bxh5
40. Ne4+ Kb4 41. Ke3 Kxa4 42. Nc5+ Kb5 43. Ne6 g6 44. Nf8 h6 45. Nd7 f5 46.
Nxe5 g5 47. f3 Kc5 48. g4 f4+ 49. Ke4 Be8 50. Nd3+ Kd6 51. Ne5 Ke6 52. Kd4 Bf7
1/2-1/2

[Event "76539 IV. Rakosmente Open"]
[Site "Budapest, Hungary"]
[Date "2013.02.10"]
[Round "6.14"]
[White "Kovacsy, Barnabas"]
[Black "Nemeth, Zoltan"]
[Result "1/2-1/2"]
[WhiteElo "1521"]
[BlackElo "1431"]
[PlyCount "57"]
[EventDate "2013.??.??"]

1. e4 e6 2. d4 b6 3. Bd3 Ne7 4. Nf3 Bb7 5. O-O d5 6. e5 g6 7. Bg5 h6 8. Bf6 Rg8
9. Bh4 g5 10. Bg3 Qd7 11. Nc3 Nbc6 12. Qe2 O-O-O 13. Ba6 g4 14. Nd2 Nxd4 15.
Qd3 Nec6 16. Bxb7+ Kxb7 17. Nb3 Nf5 18. Rfe1 Bg7 19. f4 Bf8 20. a3 h5 21. Red1
Be7 22. Ne4 Qc8 23. Nc3 h4 24. Be1 h3 25. g3 Rd7 26. Bf2 Rgd8 27. Na4 d4 28.
Qb5 Rd5 29. Qc4 1/2-1/2

[Event "76539 IV. Rakosmente Open"]
[Site "Budapest, Hungary"]
[Date "2013.02.10"]
[Round "6.15"]
[White "Forgacs, Andras"]
[Black "Novak, Levente Peter"]
[Result "1/2-1/2"]
[WhiteElo "1451"]
[BlackElo "1456"]
[PlyCount "45"]
[EventDate "2013.??.??"]

1. d4 d5 2. c4 c6 3. f4 e6 4. Nf3 Nf6 5. Nc3 Nbd7 6. g3 Bd6 7. c5 Be7 8. Bg2 b6
9. b4 O-O 10. O-O Ba6 11. Re1 Qc7 12. e4 dxe4 13. Nxe4 Rfe8 14. Bb2 Nxe4 15.
Rxe4 Nf6 16. Re1 Rad8 17. Ne5 Bb7 18. Qa4 Nd5 19. Re2 b5 20. Qb3 Bf6 21. a3 a6
22. Rd1 g6 23. Qa2 1/2-1/2

[Event "76539 IV. Rakosmente Open"]
[Site "Budapest, Hungary"]
[Date "2013.02.10"]
[Round "6.16"]
[White "Diller, Kevin"]
[Black "Eros, Janos"]
[Result "1-0"]
[WhiteElo "1572"]
[BlackElo "1469"]
[PlyCount "79"]
[EventDate "2013.??.??"]

1. e4 e5 2. Nf3 Nc6 3. Bc4 Nf6 4. Ng5 d5 5. exd5 Na5 6. Bb3 h6 7. Nf3 e4 8. Nd4
Bg4 9. f3 exf3 10. gxf3 Bh3 11. Qe2+ Be7 12. Ba4+ c6 13. dxc6 O-O 14. cxb7 Nxb7
15. Nc6 Qc7 16. Nxe7+ Kh8 17. Nc3 Nc5 18. Bc6 Rad8 19. b3 Bd7 20. Ba3 Bxc6 21.
Bxc5 Bxf3 22. Qxf3 Qxc5 23. Nf5 Rfe8+ 24. Ne3 Qa3 25. O-O Qd6 26. Rfd1 Re5 27.
h4 Qd4 28. Qf2 Rh5 29. Ng2 Qg4 30. Qf4 Qe6 31. Qe3 Qg4 32. Qxa7 Rxh4 33. Qe3
Rd4 34. a4 Rh3 35. Qf2 Rf4 36. Qxf4 Qg6 37. d3 Nh5 38. Qc4 Ng3 39. Qc8+ Kh7 40.
Qxh3 1-0

[Event "76539 IV. Rakosmente Open"]
[Site "Budapest, Hungary"]
[Date "2013.02.10"]
[Round "6.17"]
[White "Karacsonyi, Kata"]
[Black "Chen, Xiao Hu"]
[Result "1-0"]
[WhiteElo "1266"]
[BlackElo "1323"]
[PlyCount "62"]
[EventDate "2013.??.??"]

1. e4 e5 2. Nf3 Nc6 3. Bc4 Nf6 4. O-O d6 5. d4 Bg4 6. Be3 exd4 7. Bxd4 Nxd4 8.
Qxd4 Bxf3 9. gxf3 Be7 10. Nc3 O-O 11. Kh1 Nh5 12. Rg1 Bf6 13. Qe3 g6 14. Rad1
Bg7 15. Be2 Qh4 16. Rg4 Qe7 17. f4 Bh6 18. Qh3 Bxf4 19. Qxh5 Be5 20. Nd5 Qd7
21. Qxe5 dxe5 22. Nf6+ Kg7 23. Nxd7 h5 24. Rg2 Rfd8 25. Nxe5 Re8 26. Nd3 Rxe4
27. Bxh5 Kh6 28. Bf3 Rc4 29. Bxb7 Rb8 30. Bd5 Rxc2 31. Bxf7 g5 1-0

[Event "76539 IV. Rakosmente Open"]
[Site "Budapest, Hungary"]
[Date "2013.02.10"]
[Round "6.18"]
[White "Revesz, Hunor"]
[Black "Palczert, Botond"]
[Result "1-0"]
[WhiteElo "1376"]
[BlackElo "1275"]
[PlyCount "63"]
[EventDate "2013.??.??"]

1. e4 e5 2. Nf3 Nc6 3. Bc4 Bc5 4. O-O Nf6 5. d4 Bxd4 6. Nxd4 Nxd4 7. Nc3 d6 8.
f4 Be6 9. Bb3 Qe7 10. f5 Bd7 11. Bg5 O-O-O 12. Nd5 Qf8 13. Nxf6 gxf6 14. Bxf6
Rg8 15. Bxd8 Kxd8 16. f6 Bh3 17. Rf2 Bg4 18. Qd3 Ne2+ 19. Rxe2 Bxe2 20. Qxe2
Rg6 21. Qh5 Qg8 22. Qf3 Rg4 23. Rd1 Rf4 24. Qe3 b6 25. Qc3 Rxe4 26. Qc6 Qg4 27.
c3 Qf4 28. Rf1 Qe3+ 29. Kh1 Qe1 30. Bc4 Qh4 31. Bb5 Kc8 32. Qa8# 1-0

[Event "76539 IV. Rakosmente Open"]
[Site "Budapest, Hungary"]
[Date "2013.02.10"]
[Round "6.19"]
[White "Viola, Gellert"]
[Black "Toth, Nikoletta"]
[Result "1-0"]
[WhiteElo "1285"]
[BlackElo "1132"]
[PlyCount "91"]
[EventDate "2013.??.??"]

1. e4 e5 2. Nf3 Nc6 3. Bb5 Nf6 4. Bxc6 bxc6 5. d3 d6 6. O-O Qd7 7. Bg5 Be7 8.
Nbd2 Qg4 9. Qe2 Qh5 10. c3 Bg4 11. Qe3 O-O 12. d4 h6 13. Bxf6 Bxf6 14. dxe5
dxe5 15. Qc5 Qg6 16. Qxc6 Bh3 17. g3 Bxf1 18. Rxf1 Rfc8 19. Nc4 Qg4 20. Nfxe5
Bxe5 21. Nxe5 Qg5 22. f4 Qe7 23. Rd1 Rab8 24. b4 Rb6 25. Qd7 Qxd7 26. Rxd7 Rd6
27. Rxf7 Rd1+ 28. Kg2 Rcd8 29. Rxc7 R1d2+ 30. Kh3 h5 31. Rxa7 h4 32. gxh4 Rf2
33. Kg3 Re2 34. c4 Rxe4 35. b5 Rdd4 36. b6 Re3+ 37. Kf2 Ree4 38. b7 Rd8 39. Kf3
Red4 40. Ra8 Rd2 41. b8=Q Rxb8 42. Rxb8+ Kh7 43. c5 Rc2 44. c6 Rc3+ 45. Kg4 Kh6
46. a4 1-0